Sports Quiz

Random Sports or Soccer Quiz

200+ Post-war English League Goals Quiz Stats

 Plays Quiz Updated Oct 27, 2017

Also try: Mixed Soccer Logos
Challenge
Share
Tweet
Embed
Score 0/10 Timer 04:00
11 Plays Today
Goals % Correct
283Alan Shearer
92.2%
208Wayne Rooney
89.5%
357Jimmy Greaves
48.8%
232Ian Rush
48.7%
210Geoff Hurst
36%
201Denis Law
30.4%
255Nat Lofthouse
15.4%
214Tony Cottee
8.5%
208Ronnie Allen
5%
222David Herd
2.3%

You're not logged in!

Compare scores with friends on all Sporcle quizzes.
OR
Log In

You Might Also Like...

Show Comments

Extras

Top Quizzes Today


Score Distribution

Your Account Isn't Verified!

In order to create a playlist on Sporcle, you need to verify the email address you used during registration. Go to your Sporcle Settings to finish the process.

Report this User

Report this user for behavior that violates our Community Guidelines.

Details: